2010 Baby Names ending in EL, ELL, ELLE, ELA, or ELLA Quiz Stats

 Plays Quiz not verified by Sporcle

Score 0/92 Timer 12:00
0 Plays Today
Boy Name % Correct
GirlIsabel
89.5%
GirlIsabella
87.8%
BoyDaniel
87%
GirlElla
86.2%
GirlIsabell
86.2%
BoyGabriel
85.4%
GirlGabriella
83.1%
GirlBella
82.9%
GirlDanielle
82.3%
GirlGabrielle
81.5%
GirlIsabelle
81.2%
GirlElle
80.2%
GirlDaniella
80.1%
BoyMichael
73.8%
GirlDaniela
73.8%
GirlMichelle
72.7%
GirlGabriela
72.7%
BoyAriel
67.7%
GirlAriel
67.7%
GirlIsabela
62.4%
GirlArielle
59.4%
GirlAnnabel
58.8%
GirlAnnabelle
57.5%
GirlAriella
57.5%
GirlAnnabella
56.1%
GirlJanelle
56.1%
BoyJoel
55.2%
GirlBrielle
54.7%
BoyNoel
53.6%
GirlRachel
52.8%
GirlAnabel
52.8%
Boy Name % Correct
GirlNoelle
51.9%
GirlStella
50.6%
BoySamuel
50%
GirlAnabelle
49.7%
GirlIzabella
49.2%
GirlBriella
48.6%
GirlAnabella
47.8%
BoyAngel
46.1%
GirlAngel
46.1%
GirlMichaela
43.9%
GirlGiselle
42.8%
GirlAngela
41.4%
BoyManuel
39%
GirlArabella
38.7%
BoyNathaniel
38.4%
BoyMiguel
32.3%
BoyMarcel
32.3%
GirlRaquel
30.7%
BoyDarnell
30.4%
BoyEmmanuel
29.3%
BoyDarrell
29.3%
BoyMitchell
27.9%
BoyEmanuel
27.6%
GirlRachael
26.5%
BoyLionel
25.4%
BoyTyrell
24.9%
GirlChanel
24.6%
BoyIsrael
23.8%
BoyRaphael
23.8%
BoyRafael
23.2%
BoyAbel
23.2%
Boy Name % Correct
BoyEzekiel
21.8%
GirlHazel
18.5%
BoyTerrell
17.4%
BoyMaxwell
16.6%
BoyKael
15.5%
BoyAxel
14.9%
BoyGael
13.8%
BoyAdriel
13.8%
BoyCael
13.5%
BoyUriel
13.3%
GirlEstrella
13%
GirlJewel
12.7%
BoyIsmael
12.2%
GirlMikaela
12.2%
GirlPamela
11.9%
BoyNigel
11.6%
BoyNathanael
9.9%
BoyRussell
8.6%
GirlMicaela
7.7%
BoyYael
6.9%
GirlCampbell
6.9%
BoyEzequiel
6.6%
BoyLeonel
6.4%
BoyJadiel
5.8%
GirlGisselle
5.8%
GirlItzel
4.1%
BoyAbdiel
3%
BoyYadiel
2.2%
BoyMisael
1.7%
BoyYandel
1.1%

You're not logged in!

Compare scores with friends on all Sporcle quizzes.
OR
Log In

Show Comments

Extras

Created Feb 22, 2012SourceReportNominate
Tags:2010, baby, ela, elle, ending

Top Quizzes Today


Score Distribution

Your Account Isn't Verified!

In order to create a playlist on Sporcle, you need to verify the email address you used during registration. Go to your Sporcle Settings to finish the process.

Report this User

Report this user for behavior that violates our Community Guidelines.

Details: